00810nam a2200241 a 450000100060000000300080000600500170001400800410003102000170007203500190008904000270010804100080013508200260014310000300016924500490019926000430024830000350029150400370032665000180036394200120038199900170039395201580041067704BD-RjUL20211209081702.0170328s1988 nyua b 001 0 eng d a0471917559 : a(BD-RjUL)67913 aDLCcDLCdBD-RjULbeng aeng00a551.424223bGUC 19881 aGuilcher, André916367110aCoral reef geomorphology /cAndré Guilcher aNew York :bJohn Wiley & Sons,cc1988. axiii, 228 p. :bill. ;c24 cm. aIncludes Bibliography and index. 0aReefs9166037 2ddccBK c67704d67704 00102ddc40718NFICaRUCLbRUCLcReadingd2021-12-09eParagon Enterprises, Dhakag175.00l0o551.424 GUC 1988r2017-03-28 00:00:00tC-1w2017-03-28yBK